[Event "Plunge op"]
[Site "Plunge"]
[Date "2007.07.17"]
[Round "3"]
[White "Rocius, Marijonas"]
[Black "Laurusaite, Brigita"]
[Result "1/2-1/2"]
[WhiteElo "2198"]
[BlackElo "1968"]
[PlyCount "67"]
[EventDate "2007.07.16"]
[EventType "swiss"]
[EventRounds "9"]
[EventCountry "LTU"]
[SourceTitle "EXT 2010"]
[Source "ChessBase"]
[SourceDate "2010.11.25"]
[SourceVersion "1"]
[SourceVersionDate "2010.11.25"]
[SourceQuality "1"]

1. e4 c5 2. Nf3 d6 3. d4 cxd4 4. Nxd4 a6 5. Nc3 Nf6 6. g3 e5 7. Nde2 Be6 8. Bg2 Be7 9. h3 Nbd7 10. 0-0 0-0 11. g4 Nb6 12. Nd5 Nfxd5 13. exd5 Bd7 14. Ng3 f5 15. gxf5 Bxf5 16. Nxf5 Rxf5 17. Qd3 Qd7 18. Bf3 Rf6 19. Bg4 Qe8 20. f4 exf4 21. Bxf4 Qg6 22. Rae1 h5 23. Rxe7 Qxd3 24. cxd3 hxg4 25. Bg3 Rxf1+ 26. Kxf1 gxh3 27. Bxd6 Rf8+ 28. Kg1 Nc8 29. Rd7 Nxd6 30. Rxd6 Rf3 31. d4 Rd3 32. Kh2 Kf8 33. Rb6 Rxd4 34. Kxh3 1/2-1/2

[Event "EU-Cup 22nd"]
[Site "Fuegen"]
[Date "2006.10.12"]
[Round "5.6"]
[White "Quaranta, Cristiano"]
[Black "Rocius, Marijonas"]
[Result "1/2-1/2"]
[WhiteElo "2086"]
[BlackElo "2208"]
[PlyCount "53"]
[EventDate "2006.10.08"]
[EventType "team-swiss"]
[EventRounds "7"]
[EventCountry "AUT"]
[SourceTitle "CBM 115"]
[Source "ChessBase"]
[SourceDate "2006.11.15"]
[SourceVersion "1"]
[SourceVersionDate "2006.11.15"]
[SourceQuality "1"]
[WhiteTeam "Padova"]
[BlackTeam "Vilnius NSEL"]
[WhiteTeamCountry "ITA"]
[BlackTeamCountry "LTU"]

1. d4 d5 2. c4 Nc6 3. cxd5 Qxd5 4. e3 e5 5. Nc3 Bb4 6. Bd2 Bxc3 7. bxc3 exd4 8. cxd4 Nf6 9. Qf3 0-0 10. Qxd5 Nxd5 11. Bd3 Re8 12. Ne2 Ncb4 13. Bb1 Na6 14. 0-0 c5 15. Nc3 Nxc3 16. Bxc3 cxd4 17. Bxd4 Nb4 18. e4 Be6 19. Bc5 Nc6 20. f4 Rad8 21. e5 Rd2 22. h3 Bd5 23. Rf2 Rd1+ 24. Rf1 Rd2 25. Rf2 Rd1+ 26. Rf1 Rd2 27. Rf2 1/2-1/2

[Event "EU-Cup 21st"]
[Site "Saint Vincent"]
[Date "2005.09.19"]
[Round "2.6"]
[White "Rocius, Marijonas"]
[Black "Lehtivaara, Petri"]
[Result "0-1"]
[WhiteElo "2240"]
[BlackElo "2373"]
[PlyCount "148"]
[EventDate "2005.09.18"]
[EventType "team-swiss"]
[EventRounds "7"]
[EventCountry "ITA"]
[SourceTitle "CBM 110"]
[Source "ChessBase"]
[SourceDate "2006.01.31"]
[SourceVersion "1"]
[SourceVersionDate "2006.01.31"]
[SourceQuality "1"]
[WhiteTeam "Vilnius NSEL"]
[BlackTeam "Matinkylan"]
[WhiteTeamCountry "LTU"]
[BlackTeamCountry "FIN"]

1. Nf3 Nf6 2. c4 e6 3. Nc3 Bb4 4. Qc2 b6 5. a3 Bxc3 6. Qxc3 Bb7 7. b4 d6 8. g3 Nbd7 9. Bg2 c5 10. 0-0 0-0 11. Bb2 Rc8 12. Rac1 Qe7 13. Rfd1 d5 14. bxc5 Rxc5 15. Qd4 dxc4 16. Rxc4 Rxc4 17. Qxc4 Rc8 18. Qd4 Nc5 19. d3 Bd5 20. Qh4 Ncd7 21. Nd4 Bxg2 22. Kxg2 Qd6 23. e4 Rc5 24. Nf3 e5 25. Rd2 Qe6 26. d4 exd4 27. Bxd4 Rc8 28. e5 Ne8 29. Qe4 h6 30. Qe3 Nf8 31. h3 Qc6 32. Kh2 Nc7 33. Bb2 Nce6 34. Nh4 Qc5 35. Qf3 Ng5 36. Qg2 Qc6 37. f3 Re8 38. Qe2 Qe6 39. g4 Qb3 40. Rd3 Qc4 41. Qe3 Nfe6 42. Ng2 Nc5 43. Rd2 Qb3 44. Qxb3 Nxb3 45. Rf2 Rd8 46. f4 Ne4 47. Re2 Nbc5 48. f5 Rd2 49. Nf4 Rxe2+ 50. Nxe2 Nd3 51. Bd4 Nd2 52. Kg2 Nc4 53. e6 fxe6 54. fxe6 Nc5 55. Nf4 g5 56. e7 Kf7 57. Nd5 Ne6 58. Bc3 Nxa3 59. Nf6 Nc7 60. Be5 Nab5 61. e8Q+ Nxe8 62. Nxe8 Kxe8 63. Bg7 Nc7 64. Bxh6 Ne6 65. h4 gxh4 66. Kh3 a5 67. Bc1 b5 68. Kxh4 b4 69. Kg3 Nc5 70. Kf3 Nd3 71. Be3 b3 72. Bd4 b2 73. Bxb2 Nxb2 74. Ke2 Nc4 0-1